LEADER 00777nam a2200205 i 4500 001 000000237023 003 CaOOAMICUS 005 20141216000000.0 008 141216n it u000 u fre u 013 $a215928 040 $aSeMil$bita 245 10$aAprès 1914. 300 $a167 p. 490 0 $aHistoire du travail et de la vie economique 773 0 $aLefranc, Georges <1904- >$tHistoire des doctrines sociales dans l'Europe contemporaine.$dParis : Aubier-Montaigne, 1966.$g2$w()31131 830 0$aHistoire du travail et de la vie economique.$0(OLS)http://semarc/title/42375 850 $aSeMil 852 $aSeMil$W1$xVenegono$y1$m3N I 198$j187369$B187369$CSeMilBibl$Z2$F198236 $81 961 $aRecupero: Altro 996 $6245$aAprès 1914$9(OLS)http://semarc/title/337764 LEADER 00517nab a2200145 i 4500 001 000000275415 003 CaOOAMICUS 005 20110601000000.0 008 110601n xx uu u0 0und r 013 $a24680 040 $aSeMil$bita 245 10$a[vedi periodico]. 500 $aOttobre 1983. 773 0 $tPer ricordare la figura e l'opera di Padre Giovanni Folci, prete per i preti, nel ventesimo anno della Sua morte.$dSondrio : Tipografia Bonazzi, 1983.$w()202772 996 $6245$a[vedi periodico]$9(OLS)http://semarc/title/309439